000 00921cam a2200349 i 4500
001 0000531
003 DO-SdBPM
005 20250509122717.0
007 0000531
008 100514s 1986 mx || 000 f spa
015 _a
017 _a
_b
020 _a9682702127
035 _a
040 _aDO-SdBPM
_bspa
_cBPMSU
_e
080 _a
082 4 _aM863.6
_bM379m 1990
_222
100 1 _aMartín Moreno, Francisco
_d1946-
245 1 0 _aMéxico negro :
_buna novela política /
_cFrancisco Martín Moreno.
_h
260 _aMéxico :
_bJoaquín Mortiz,
_c1990
300 _a631 p. ;
_c22 m
490 0 _aNovelistas contemporáneos
500 _a
500 _a
504 _aBiografía p: 627-631
590 _aInventariado, 2025/VM
650 4 _aNovela mexicana
650 4 _aNovela política
650 4 _aLiteratura mexicana
910 _aVMateo V. Control de calidad. BPMSU
942 _2ddc
_cBK
999 _c10854
_d10854